Click the Asian Country on a Borderless Map - Sudden Death - Statistics

General Stats
  • This quiz has been taken 14,510 times
  • The average score is 16 of 48
Answers on the Map
Answers color-coded by a green-red scale on the quiz's map according to % correct below.
 
Answer Stats
Answer % Correct
India
43%
Japan
43%
South Korea
43%
China
42%
Saudi Arabia
42%
Taiwan
42%
Turkey
42%
North Korea
41%
Philippines
41%
Sri Lanka
41%
Maldives
40%
Cyprus
39%
Indonesia
39%
Vietnam
39%
Yemen
39%
Oman
38%
Singapore
38%
Malaysia
37%
Myanmar
36%
Iran
35%
Pakistan
35%
United Arab
Emirates
35%
Bangladesh
34%
Kazakhstan
34%
Qatar
34%
Mongolia
33%
Thailand
33%
Cambodia
32%
Israel
32%
Bahrain
31%
East Timor
30%
Georgia
30%
Nepal
30%
Iraq
29%
Kuwait
29%
Syria
29%
Azerbaijan
28%
Laos
28%
Lebanon
28%
Afghanistan
27%
Brunei
27%
Bhutan
26%
Jordan
26%
Armenia
25%
Turkmenistan
23%
Uzbekistan
22%
Kyrgyzstan
21%
Tajikistan
19%
No matching quizzes found
Score Distribution
Percent of People with Each Score
Percentile by Number Answered
Your Score History
You have not taken this quiz